00678 2200229 4500001002100000005001700021008004100038020001800079035002500097082001000122090001700132100002800149245008800177250001100265260003100276300003700307500001300344504003000357650003400387850001200421990001500433YOGYA-0209000006001120150306092332.0 ind  a979-413-375-2 a0010-020900000060011 a400.7 a400.7bPur P aPURWO, Bambang Kaswanti aPrakwatik dan pengajaran bahasab: menjibak kurikulum 1984c/ Bambang Kaswati Purwo aCet. 1 aYogyakartabKanisiusc1990 aXII, 214 hlm. :bilus. ;c21 cm. aB Indeks aibliografi : hlm. 184-201 aBahasa - Studi dan pengajaran aYOPDYOG a47611-P.94